Rubberwood processing and utilization (Record no. 43943)

MARC details
000 -LEADER
fixed length control field 00487nam a2200181Ia 4500
082 ## - DEWEY DECIMAL CLASSIFICATION NUMBER
Classification number NR:63:630*84
Item number HON
100 ## - MAIN ENTRY--AUTHOR NAME
Personal name Hong Lay-Thong
245 #0 - TITLE STATEMENT
Title Rubberwood processing and utilization
250 ## - EDITION STATEMENT
Edition statement Ed.2
260 ## - PUBLICATION, DISTRIBUTION, ETC. (IMPRINT)
Place of publication Malaysia
Name of publisher FRIM
Year of publication 1999
650 ## - SUBJECT ADDED ENTRY--TOPICAL TERM
Topical Term Rubberwood durability
650 ## - SUBJECT ADDED ENTRY--TOPICAL TERM
Topical Term Rubberwood preservation
650 ## - SUBJECT ADDED ENTRY--TOPICAL TERM
Topical Term Rubberwood resources
650 ## - SUBJECT ADDED ENTRY--TOPICAL TERM
Topical Term Rubberwood seasoning
700 ## - ADDED ENTRY--PERSONAL NAME
Personal name Sim Heok-Choh
942 ## - ADDED ENTRY ELEMENTS (KOHA)
Koha item type Reference
Holdings
Withdrawn status Lost status Damaged status Not for loan Home library Current library Date acquired Source of acquisition Full call number Accession Number Koha item type
        RRII Library RRII Library 16/12/2021 Gift NR:63:630*84 HON G00692 Books